Escape from Tarkov Trivia - Statistics

General Stats
  • This quiz has been taken 1,584 times
  • The average score is 9 of 12
Answer Stats
Hint Answer % Correct
Creator and God of Tarkov Nikita
95%
Russian faction of Tarkov BEAR
90%
Military base that is often considered the best map for loot in the game Reserve
89%
American faction of Tarkov USEC
89%
Scav boss nicknamed "Boris the Mall Cop" Killa
84%
Sneaky boys that will attack you at night on certain maps Cultists
80%
Quest reward for completing all other quests Kappa Container
78%
Most common weapon platform in Tarkov AK
77%
Glorious mustache-d weapon salesman Prapor
76%
Bald man that groups up with his friends to kill you on the previous map Glukhar
70%
Medical supplies often called "Cheese" AI-2 Medkit
66%
The most sadistic person to ever live Jaeger
44%
No matching quizzes found
Score Distribution
Percent of People with Each Score
Percentile by Number Answered
Your Score History
You have not taken this quiz